Statistics for Top 10 DJ's of the World

Click here to take the quiz!

General Stats

  • This quiz has been taken 59 times
  • The average score is 5 of 10

Answer Stats

#DJNationalityPosition% Correct
5David GuettaFrench2 ^
82%
1Martin GarrixDutch-
76%
6TiëstoDutch1 v
71%
4Armin van BuurenDutch1 v
56%
3HardwellDutch1 ^
51%
10MarshmelloAmerican-
51%
2Dimitri Vegas & Like MikeBelgian-
47%
8AfrojackDutch-
40%
9Oliver HeldensDutch4 ^
20%
7Don DiabloDutch4 ^
18%

Score Distribution

Percentile by Number Answered

Percent of People with Each Score

Your Score History

You have not taken this quiz